• 首页
  • 本馆介绍
  • 公告通知
  • 最新文献
  • 馆藏检索
  • 电子资源
  • 读者导购
  • 参考咨询
  • 我的图书馆
  • 登录
  • 详细信息显示
  • 放入我的书架
  • 预约/预借图书
  • 作者相关作品
  • 分类相关作品
  • 丛书相关作品
  • 出版社相关作品

书目信息

  • 表格格式
  • 工作单格式
  • 卡片格式
题名:
畜禽消化生理特点与营养设计
    
 
作者: 陈国顺
分册:  
出版信息: 北京   科学技术文献出版社  2016.06
页数: 345页
开本: 20cm
丛书名:
单 册:
中图分类: S852.281
科图分类:
主题词: 兽医学
电子资源:
ISBN: 7-5189-1472-7
000 00630nam0 2200205 450
001 2949
005 20161207091750.03
010    @a7-5189-1472-7@dCNY88.00
100    @a20150811d2016 km y0chiy0120 ea
101 0  @achi
102    @aCN@b110000
200 1  @a畜禽消化生理特点与营养设计@Axu qin xiao hua sheng li te dian yu ying yang she ji@f陈国顺@Fchen guo shun
210    @a北京@c科学技术文献出版社@d2016.06
215    @a345页@d20cm
330    @a畜禽·消化生理学
606 0  @a兽医学
690    @aS852.281@v4
701  0 @a陈国顺@Achen guo shun
801  0 @aCN@b大连网信软件有限公司图书馆·11@c20161207
905    @aZUCC@dS852.281@e127
    
    畜禽消化生理特点与营养设计/陈国顺.-北京:科学技术文献出版社,2016.06
    345页;20cm
    
    
    ISBN 7-5189-1472-7:CNY88.00
    畜禽·消化生理学
●
相关链接 在E读中查询图书 在五车中查询图书 在当当中查询图书 在豆瓣中查询图书


正题名:畜禽消化生理特点与营养设计     索取号:S852.281/127         预约/预借

序号 登录号 条形码 馆藏地/架位号 状态 备注
1 912283   209122830   第二样本阅览室/ [索取号:S852.281/127] 在馆    
2 912284   209122849   密集书库-生命科学系/ [索取号:S852.281/127] 在馆    
3 912285   209122858   第三借阅区/ [索取号:S852.281/127] 在馆    
4 912286   209122867   第三借阅区/ [索取号:S852.281/127] 在馆    
唐山师范学院图书馆 欢迎您!
大连网信软件有限公司© 版权所有